[Event "Women's World Teams 2015"]
[Site "Chengdu CHN"]
[Date "2015.04.20"]
[Round "2.1"]
[Board "4"]
[White "Lei, Tingjie"]
[Black "Gomes, Mary Ann"]
[Result "1-0"]
[WhiteTitle "WGM"]
[BlackTitle "WGM"]
[WhiteElo "2444"]
[BlackElo "2354"]
[WhiteTeam "CHINA"]
[BlackTeam "INDIA"]
[WhiteFideId "8605114"]
[BlackFideId "5013623"]
[EventDate "2015.04.19"]

1. d4 Nf6 2. c4 e6 3. g3 c5 4. d5 exd5 5. cxd5 d6 6. Nc3 g6 7. Bg2 Bg7 8. Nf3
O-O 9. O-O Re8 10. Re1 Ne4 11. Nxe4 Rxe4 12. Qc2 Re8 13. Bg5 Qb6 14. Rab1 Nd7
15. Qa4 h6 16. Bf4 g5 17. Bd2 Nf6 18. e4 Bd7 19. Qc2 Qd8 20. b4 Rc8 21. bxc5
Rxc5 22. Qd3 Qc8 23. Bb4 Bb5 24. Qb3 Bc4 25. Qa3 Nxe4 26. Bxc5 dxc5 27. Ne5 Bxe5
28. Bxe4 a6 29. Qf3 g4 30. Bh7+ Kf8 31. Qe3 Bg7 32. Qf4 1-0

[Event "Women's World Teams 2015"]
[Site "Chengdu CHN"]
[Date "2015.04.20"]
[Round "2.2"]
[Board "1"]
[White "Gunina, Valentina"]
[Black "Danielian, Elina"]
[Result "0-1"]
[WhiteTitle "GM"]
[BlackTitle "GM"]
[WhiteElo "2528"]
[BlackElo "2488"]
[WhiteTeam "RUSSIA"]
[BlackTeam "ARMENIA"]
[WhiteFideId "4167570"]
[BlackFideId "13300210"]
[EventDate "2015.04.19"]

1. d4 Nf6 2. c4 e6 3. Nc3 Bb4 4. Qc2 d5 5. cxd5 exd5 6. Bg5 h6 7. Bh4 c5 8. dxc5
g5 9. Bg3 Ne4 10. Bxb8 Qf6 11. Qa4+ Bd7 12. Qxb4 Qxf2+ 13. Kd1 Qxf1+ 14. Kc2
Qxa1 15. Nxd5 Bf5 16. Qd4 Nxc5+ 17. e4 Bxe4+ 18. Kd2 Bxd5 19. Qxh8+ Kd7 20. Qd4
Ne4+ 21. Ke2 Rxb8 22. Nf3 Qxh1 23. Qxd5+ Nd6 24. Ne5+ Ke7 25. Ng4 Re8 26. Kf2 f6
27. Nxf6 Qxh2 28. Nxe8 Qf4+ 29. Ke2 Kxe8 30. Qe6+ Kd8 31. Qxh6 Qe4+ 32. Kf2 Qf5+
33. Ke3 Qe5+ 34. Kf3 Qe3+ 35. Kg4 Qf4+ 36. Kh5 Qh4+ 37. Kg6 Qe4+ 38. Kh5 Qe2+
39. Kg6 Qe8+ 40. Kf6 Qe7+ 41. Kg6 g4 42. Qf4 Qe4+ 43. Kg5 Qxf4+ 44. Kxf4 Ke7 45.
Kxg4 Nc4 46. b3 Ne5+ 47. Kf5 Nd3 48. a3 Ne1 49. g4 Nc2 50. g5 Nd4+ 51. Ke5 Nxb3
52. Kd5 Na5 53. g6 Kf6 54. a4 Kxg6 55. Kd6 Kf5 56. Kc7 Ke5 57. Kb8 Kd5 58. Kxa7
Kc5 59. Kb8 Kd4 0-1

[Event "Women's World Teams 2015"]
[Site "Chengdu CHN"]
[Date "2015.04.20"]
[Round "2.2"]
[Board "2"]
[White "Mkrtchian, Lilit"]
[Black "Pogonina, Natalija"]
[Result "1/2-1/2"]
[WhiteTitle "IM"]
[BlackTitle "WGM"]
[WhiteElo "2443"]
[BlackElo "2456"]
[WhiteTeam "ARMENIA"]
[BlackTeam "RUSSIA"]
[WhiteFideId "13300601"]
[BlackFideId "4147855"]
[EventDate "2015.04.19"]

1. c4 e6 2. Nc3 d5 3. d4 Nf6 4. cxd5 exd5 5. Bg5 c6 6. Qc2 Be7 7. e3 Nbd7 8. Bd3
h6 9. Bh4 Nh5 10. Bxe7 Qxe7 11. O-O-O Nb6 12. Nf3 Be6 13. Ne5 Nf6 14. f4 Ng4 15.
Nxg4 Bxg4 16. Rde1 O-O-O 17. f5 Bh5 18. e4 dxe4 19. Rxe4 Qg5+ 20. Kb1 Rhe8 21.
d5 Rxe4 22. Bxe4 c5 23. Nb5 Qe3 24. Nxa7+ Kb8 25. Nb5 Re8 26. Nd6 Rd8 27. Nb5
Re8 28. Nd6 Rd8 29. Nb5 Re8 30. Nd6 1/2-1/2

[Event "Women's World Teams 2015"]
[Site "Chengdu CHN"]
[Date "2015.04.20"]
[Round "2.2"]
[Board "3"]
[White "Goryachkina, Aleksandra"]
[Black "Galojan, Lilit"]
[Result "1/2-1/2"]
[WhiteTitle "WGM"]
[BlackTitle "IM"]
[WhiteElo "2456"]
[BlackElo "2277"]
[WhiteTeam "RUSSIA"]
[BlackTeam "ARMENIA"]
[WhiteFideId "4147103"]
[BlackFideId "13301314"]
[EventDate "2015.04.19"]

1. d4 Nf6 2. c4 e6 3. g3 d5 4. Bg2 Bb4+ 5. Nd2 O-O 6. Nf3 b6 7. O-O Bb7 8. Ne5
Nbd7 9. Nd3 Be7 10. b4 Ne4 11. Bb2 c5 12. bxc5 bxc5 13. Rb1 Nxd2 14. Qxd2 Nb6
15. cxd5 Bxd5 16. Bxd5 Qxd5 17. dxc5 Na4 18. Rfc1 Rac8 19. Qb4 Nxc5 20. Qg4 g6
21. Nxc5 Bxc5 22. Qf4 Qf5 23. Qxf5 exf5 24. e3 Rfd8 25. Bf6 Re8 26. Kf1 Bb6 27.
Ke2 Kf8 28. a4 Rxc1 29. Rxc1 Re6 30. Rc8+ Re8 31. Rc4 Re6 32. Bc3 Ke7 33. a5 Bd8
34. Kd3 Kd7 35. Rd4+ Kc7 36. Rd5 Rc6 37. Bd4 Kc8 38. Re5 Kd7 39. Rb5 Ra6 40. Bc3
Bc7 41. Bb4 Rc6 42. Rd5+ 1/2-1/2

[Event "Women's World Teams 2015"]
[Site "Chengdu CHN"]
[Date "2015.04.20"]
[Round "2.2"]
[Board "4"]
[White "Gaboyan, Susanna"]
[Black "Girya, Olga"]
[Result "0-1"]
[BlackTitle "WGM"]
[WhiteElo "2175"]
[BlackElo "2459"]
[WhiteTeam "ARMENIA"]
[BlackTeam "RUSSIA"]
[WhiteFideId "13303627"]
[BlackFideId "4195752"]
[EventDate "2015.04.19"]

1. d4 Nf6 2. c4 e6 3. Nf3 b6 4. e3 d5 5. Bd3 Bb7 6. O-O Bd6 7. b3 O-O 8. Bb2
Nbd7 9. Nbd2 Ne4 10. Qe2 Qe7 11. Ne5 Nxd2 12. Qxd2 Nxe5 13. dxe5 Bc5 14. cxd5
Bxd5 15. Qc2 g6 16. Be4 Rfd8 17. Rad1 Bxe4 18. Qxe4 Rxd1 19. Rxd1 Rd8 20. Qc2
Rd7 21. Kf1 Qd8 22. Rxd7 Qxd7 23. Ke2 Qd5 24. Qd3 Qxg2 25. Qd8+ Bf8 26. Qxc7
Qg4+ 27. Kf1 Qd1+ 28. Kg2 Qb1 29. Bc3 Qxa2 30. b4 Qd5+ 31. Kg1 Qd1+ 32. Kg2 Qg4+
33. Kf1 h5 34. Bd4 h4 35. Qxa7 h3 36. Qa4 Qg2+ 37. Ke2 Qxh2 38. Qe8 Qg2 39. Bxb6
Qg4+ 40. Kd3 h2 41. Bc5 Qf5+ 0-1

[Event "Women's World Teams 2015"]
[Site "Chengdu CHN"]
[Date "2015.04.20"]
[Round "2.3"]
[Board "1"]
[White "Moaataz, Ayah"]
[Black "Khotenashvili, Bela"]
[Result "0-1"]
[WhiteTitle "WIM"]
[BlackTitle "GM"]
[WhiteElo "2022"]
[BlackElo "2513"]
[WhiteTeam "EGYPT"]
[BlackTeam "GEORGIA"]
[WhiteFideId "10615873"]
[BlackFideId "13602640"]
[EventDate "2015.04.19"]

1. c4 e5 2. g3 Nf6 3. Bg2 d5 4. cxd5 Nxd5 5. Nf3 Nc6 6. O-O Nb6 7. Nc3 Be7 8. a3
O-O 9. b4 f6 10. d3 Be6 11. Bb2 Qe8 12. Qc2 Qf7 13. Ne4 Bb3 14. Qc1 Na4 15. Ned2
Bd5 16. e4 Be6 17. d4 Nxb2 18. Qxb2 Nxd4 19. Nxd4 exd4 20. Qxd4 Rfd8 21. Qe3 c6
22. Rfc1 a5 23. bxa5 Rxa5 24. Rc3 Ra4 25. Bf1 Bf8 26. Rd3 Rxd3 27. Qxd3 Qe7 28.
Qc2 Rxa3 29. Rxa3 Qxa3 30. Bc4 Qe7 31. Nb3 Bxc4 32. Qxc4+ Qf7 33. Qxf7+ Kxf7 34.
Na5 Bb4 35. Nb3 c5 36. Kf1 Ke6 37. f4 f5 38. e5 Kd5 39. Ke2 c4 40. Na1 b5 41.
Nc2 Bc5 42. h3 Ke4 43. Kd2 b4 44. Ne1 b3 45. Kc3 Bb4+ 0-1

[Event "Women's World Teams 2015"]
[Site "Chengdu CHN"]
[Date "2015.04.20"]
[Round "2.3"]
[Board "2"]
[White "Javakhishvili, Lela"]
[Black "Wafa, Shahenda"]
[Result "1-0"]
[WhiteTitle "IM"]
[BlackTitle "WIM"]
[WhiteElo "2481"]
[BlackElo "2123"]
[WhiteTeam "GEORGIA"]
[BlackTeam "EGYPT"]
[WhiteFideId "13601458"]
[BlackFideId "10609962"]
[EventDate "2015.04.19"]

1. d4 d5 2. c4 e6 3. Nc3 Nf6 4. Bg5 Be7 5. e3 O-O 6. Rc1 b6 7. cxd5 exd5 8. Bd3
Bb7 9. Nf3 Nbd7 10. O-O Ne4 11. Bf4 c5 12. dxc5 Ndxc5 13. Be2 Rc8 14. Nb5 Bf6
15. Nfd4 a6 16. Na7 Bxd4 17. exd4 Ne6 18. Rxc8 Bxc8 19. Nxc8 Nxf4 20. Bxa6 Qc7
21. f3 Nf6 22. Qd2 b5 23. Re1 Ne6 24. Rc1 Qb8 25. Ne7+ Kh8 26. Bc8 Qa7 27. Nf5
g6 28. Qb4 Rd8 29. Bxe6 fxe6 30. Qe7 Qxe7 31. Nxe7 Kg7 32. Rc7 Rd7 33. Rxd7 Nxd7
34. Nc6 Kf6 35. Kf2 Nb6 36. b3 Nc8 37. Ke2 h5 38. a4 bxa4 39. bxa4 Nb6 40. a5
Na8 41. a6 Kf5 42. h4 Kf4 43. Kf2 Kf5 44. Ne5 Nb6 45. a7 Na8 46. Ke3 Nb6 47. g4+
Kf6 48. Nd7+ 1-0

[Event "Women's World Teams 2015"]
[Site "Chengdu CHN"]
[Date "2015.04.20"]
[Round "2.3"]
[Board "4"]
[White "Melia, Salome"]
[Black "Wafa, Shrook"]
[Result "1-0"]
[WhiteTitle "IM"]
[BlackTitle "WGM"]
[WhiteElo "2459"]
[BlackElo "2058"]
[WhiteTeam "GEORGIA"]
[BlackTeam "EGYPT"]
[WhiteFideId "13602446"]
[BlackFideId "10609970"]
[EventDate "2015.04.19"]

1. e4 c5 2. Nf3 d6 3. d4 cxd4 4. Qxd4 Nc6 5. Qe3 Nf6 6. c4 g6 7. h3 Bg7 8. Be2
O-O 9. O-O Bd7 10. Nc3 a6 11. Bd2 Rc8 12. Rac1 e5 13. Rfd1 Be6 14. Be1 Nh5 15.
Nd5 Nd4 16. Nxd4 exd4 17. Qd2 Bxd5 18. exd5 Qh4 19. Bg4 Rce8 20. Qb4 Qe7 21. Bd2
Nf6 22. Bf4 Rd8 23. Bf3 Ne8 24. Re1 Qf6 25. Qd2 h6 26. Bxh6 Bxh6 27. Qxh6 Ng7
28. Bg4 Rfe8 29. Qd2 Re5 30. Kh2 Nf5 31. Bxf5 Rxf5 32. Kg1 Re5 33. f4 Re3 34.
Rxe3 dxe3 35. Qxe3 Qxb2 36. f5 Qe5 37. Qxe5 dxe5 38. fxg6 fxg6 39. Kf2 Kf7 40.
Ke3 Rc8 41. Ke4 Kf6 42. c5 Rh8 43. Rf1+ Ke7 44. Rb1 b5 45. cxb6 Kd6 46. b7 1-0

[Event "Women's World Teams 2015"]
[Site "Chengdu CHN"]
[Date "2015.04.20"]
[Round "2.4"]
[Board "1"]
[White "Socko, Monika"]
[Black "Abrahamyan, Tatev"]
[Result "1/2-1/2"]
[WhiteTitle "GM"]
[BlackTitle "WGM"]
[WhiteElo "2463"]
[BlackElo "2322"]
[WhiteTeam "POLAND"]
[BlackTeam "UNITED STATES OF AMERICA"]
[WhiteFideId "1106619"]
[BlackFideId "13301918"]
[EventDate "2015.04.19"]

1. e4 e6 2. d4 d5 3. Nd2 Be7 4. Bd3 c5 5. dxc5 Nf6 6. exd5 Qxd5 7. Ngf3 Nbd7 8.
b4 a5 9. Bc4 Qc6 10. c3 b6 11. O-O bxc5 12. b5 Qc7 13. Bd3 O-O 14. c4 Bb7 15.
Bb2 h6 16. Qe2 Nh5 17. Be4 Bf6 18. Bxf6 Nhxf6 19. Bxb7 Qxb7 20. Ne5 Nxe5 21.
Qxe5 Nd7 22. Qe3 a4 23. Ne4 Qc7 24. Rfd1 Rfd8 25. h3 Rac8 26. Rd6 Nb6 27. Rxd8+
Rxd8 28. Qxc5 Qxc5 29. Nxc5 Rc8 30. Na6 Rxc4 31. Rd1 Nd5 32. Rb1 Nb6 33. Rd1 Nd5
34. Rb1 Nb6 35. Rd1 1/2-1/2

[Event "Women's World Teams 2015"]
[Site "Chengdu CHN"]
[Date "2015.04.20"]
[Round "2.4"]
[Board "2"]
[White "Nemcova, Katerina"]
[Black "Zawadzka, Jolanta"]
[Result "1/2-1/2"]
[WhiteTitle "WGM"]
[BlackTitle "WGM"]
[WhiteElo "2279"]
[BlackElo "2422"]
[WhiteTeam "UNITED STATES OF AMERICA"]
[BlackTeam "POLAND"]
[WhiteFideId "322750"]
[BlackFideId "1122320"]
[EventDate "2015.04.19"]

1. e4 c5 2. Nf3 Nc6 3. d4 cxd4 4. Nxd4 Nf6 5. Nc3 d6 6. Bg5 e6 7. Qd2 Be7 8.
O-O-O O-O 9. f4 Nxd4 10. Qxd4 Qa5 11. e5 dxe5 12. Qxe5 Qxe5 13. fxe5 Nd5 14.
Bxe7 Nxe7 15. Bd3 b6 16. Be4 Rb8 17. Nb5 Bb7 18. Rhe1 Bxe4 19. Rxe4 Ra8 20. Rd7
Nc6 21. b3 a6 22. Nd4 Rfd8 23. Rxd8+ Nxd8 24. a4 Kf8 25. Kb2 Rc8 26. Nf3 Ke7 27.
Rg4 g6 28. Rb4 Rb8 29. Rc4 Kd7 30. Rd4+ Ke7 31. Rc4 Kd7 32. Rd4+ Ke7 1/2-1/2

[Event "Women's World Teams 2015"]
[Site "Chengdu CHN"]
[Date "2015.04.20"]
[Round "2.4"]
[Board "3"]
[White "Szczepkowska-Horowska, Karina"]
[Black "Ni, Viktorija"]
[Result "1-0"]
[WhiteTitle "WGM"]
[BlackTitle "WIM"]
[WhiteElo "2414"]
[BlackElo "2188"]
[WhiteTeam "POLAND"]
[BlackTeam "UNITED STATES OF AMERICA"]
[WhiteFideId "1122681"]
[BlackFideId "11602252"]
[EventDate "2015.04.19"]

1. e4 g6 2. d4 Bg7 3. Nc3 d6 4. Nf3 a6 5. a4 b6 6. Bc4 e6 7. O-O Ne7 8. Re1 O-O
9. Ba2 Bb7 10. Bf4 Nd7 11. Qd2 Nf6 12. Bg5 Kh8 13. h3 Nfg8 14. Nh2 h6 15. Be3 d5
16. exd5 Nxd5 17. Nxd5 Bxd5 18. c4 Bb7 19. Rad1 Qh4 20. Bf4 Rad8 21. d5 exd5 22.
cxd5 c6 23. Nf3 Qh5 24. d6 c5 25. Ne5 Qf5 26. Bg3 h5 27. Bb1 Qf6 28. Nc4 b5 29.
axb5 axb5 30. Ne5 h4 31. Bf4 Rxd6 32. Qxd6 Qxf4 33. Qxg6 Qxf2+ 34. Kxf2 fxg6+
35. Kg1 Bxe5 36. Rxe5 Rc8 37. Rd7 Bc6 38. Rh5+ 1-0

[Event "Women's World Teams 2015"]
[Site "Chengdu CHN"]
[Date "2015.04.20"]
[Round "2.4"]
[Board "4"]
[White "Melekhina, Alisa"]
[Black "Kulon, Klaudia"]
[Result "1-0"]
[WhiteTitle "FM"]
[BlackTitle "WGM"]
[WhiteElo "2235"]
[BlackElo "2310"]
[WhiteTeam "UNITED STATES OF AMERICA"]
[BlackTeam "POLAND"]
[WhiteFideId "2022613"]
[BlackFideId "1131044"]
[EventDate "2015.04.19"]

1. e4 c5 2. Nf3 Nc6 3. Bb5 g6 4. O-O Bg7 5. Re1 e5 6. Bxc6 dxc6 7. d3 Qe7 8. h3
Nf6 9. Nbd2 O-O 10. Nc4 Nd7 11. a3 Nb6 12. Qe2 Nxc4 13. dxc4 Re8 14. Bd2 f5 15.
Bc3 f4 16. Red1 g5 17. Ne1 Be6 18. b3 a6 19. a4 b6 20. Nd3 Bf7 21. g4 fxg3 22.
fxg3 h5 23. Ne1 g4 24. hxg4 Qg5 25. Ng2 hxg4 26. Bd2 Qh5 27. Nh4 Be6 28. Kg2
Rad8 29. Rh1 Bh6 30. Be3 Bxe3 31. Qxe3 Qf7 32. Raf1 Qd7 33. Qg5+ Qg7 34. Ng6
Rd2+ 35. Kg1 Rdd8 36. Rh8+ Qxh8 37. Ne7+ 1-0

[Event "Women's World Teams 2015"]
[Site "Chengdu CHN"]
[Date "2015.04.20"]
[Round "2.5"]
[Board "1"]
[White "Abdumalik, Zhansaya"]
[Black "Muzychuk, Mariya"]
[Result "0-1"]
[WhiteTitle "WGM"]
[BlackTitle "IM"]
[WhiteElo "2379"]
[BlackElo "2526"]
[WhiteTeam "KAZAKHSTAN"]
[BlackTeam "UKRAINE"]
[WhiteFideId "13703544"]
[BlackFideId "14114550"]
[EventDate "2015.04.19"]

1. e4 c5 2. Nf3 e6 3. d4 cxd4 4. Nxd4 Nf6 5. Nc3 Nc6 6. Ndb5 d6 7. Bf4 e5 8. Bg5
a6 9. Na3 b5 10. Nd5 Be7 11. Bxf6 Bxf6 12. c4 b4 13. Nc2 a5 14. g3 O-O 15. Bg2
Bg5 16. O-O Be6 17. f4 Bh6 18. Nce3 Nd4 19. Ng4 Bxg4 20. Qxg4 f6 21. Kh1 Ra7 22.
Bh3 Qe8 23. Qd1 Qc6 24. Qd3 Qc5 25. Rad1 a4 26. Rd2 b3 27. a3 g6 28. Rdf2 exf4
29. gxf4 Bg7 30. f5 g5 31. Rd2 Nc6 32. Rc1 g4 33. Bxg4 Bh6 34. Rg1 Ne5 35. Be2+
Qxg1+ 36. Kxg1 Nxd3 37. Rxd3 Bc1 38. Nc3 Bxb2 39. Nb5 Rg7+ 40. Kf2 Be5 41. h3 b2
42. Rd1 Rg3 43. Bf1 Rb3 44. Rb1 Rc8 45. Kg2 Kf8 46. Kf2 Ke7 47. h4 Bg3+ 48. Kg2
Rg8 49. h5 Bh4+ 50. Kh2 Bf2 51. Bg2 Rg4 52. Bh3 Rg1 0-1

[Event "Women's World Teams 2015"]
[Site "Chengdu CHN"]
[Date "2015.04.20"]
[Round "2.5"]
[Board "2"]
[White "Ushenina, Anna"]
[Black "Nakhbayeva, Guliskhan"]
[Result "1-0"]
[WhiteTitle "GM"]
[BlackTitle "WGM"]
[WhiteElo "2486"]
[BlackElo "2329"]
[WhiteTeam "UKRAINE"]
[BlackTeam "KAZAKHSTAN"]
[WhiteFideId "14110911"]
[BlackFideId "13704788"]
[EventDate "2015.04.19"]

1. Nf3 e6 2. c4 d5 3. d4 Nf6 4. Nc3 dxc4 5. e4 Bb4 6. Bg5 c5 7. dxc5 Bxc3+ 8.
bxc3 Qa5 9. Bxf6 gxf6 10. Nd2 Ke7 11. Qf3 Qxc5 12. Bxc4 Nc6 13. Be2 Ne5 14. Qg3
Bd7 15. Nb3 Qc6 16. Qe3 Rhc8 17. Rc1 Qa4 18. O-O Qxa2 19. c4 Qa4 20. Rfd1 b6 21.
Rd4 Nc6 22. Rd2 Ne5 23. c5 Be8 24. Ra1 Qc6 25. f4 Nd7 26. Ba6 Rd8 27. Nd4 Qc7
28. cxb6 axb6 29. e5 Nc5 30. exf6+ Kxf6 31. f5 Rd5 32. fxe6 fxe6 33. Rf1+ Kg6
34. Nxe6 Qe5 35. Nf4+ Kg7 36. Qg3+ Bg6 37. Rxd5 1-0

[Event "Women's World Teams 2015"]
[Site "Chengdu CHN"]
[Date "2015.04.20"]
[Round "2.5"]
[Board "3"]
[White "Dauletova, Gulmira"]
[Black "Zhukova, Natalia"]
[Result "1/2-1/2"]
[WhiteTitle "WIM"]
[BlackTitle "GM"]
[WhiteElo "2201"]
[BlackElo "2471"]
[WhiteTeam "KAZAKHSTAN"]
[BlackTeam "UKRAINE"]
[WhiteFideId "13702971"]
[BlackFideId "14101513"]
[EventDate "2015.04.19"]

1. e4 e5 2. Nf3 Nc6 3. Bb5 a6 4. Ba4 Nf6 5. d3 b5 6. Bb3 Be7 7. O-O O-O 8. a4 b4
9. a5 d5 10. exd5 Nxd5 11. Qe1 Bb7 12. Nbd2 Nf4 13. Ne4 Qd7 14. Bxf4 exf4 15.
Ba4 Qd5 16. Ned2 Bf6 17. Qe4 Nd4 18. Qxd5 Bxd5 19. Nxd4 Bxd4 20. Rab1 Rad8 21.
Nb3 Ba7 22. Rfe1 Rd6 23. Re5 h6 24. Kf1 Rfd8 25. Rbe1 Kh7 26. Re7 Rg6 27. f3
Rdd6 28. Nd2 Bd4 29. Ne4 Rde6 30. Rd7 c6 31. Rxf7 Rxg2 32. Kxg2 Rg6+ 33. Kf1
Bxf7 34. c3 bxc3 35. bxc3 Be3 36. Nf2 Bd5 37. Bd1 Bd2 38. Re7 Bxc3 39. Ra7 c5
40. Bc2 Bd4 41. Bd1 h5 42. Rc7 Bc6 43. Nh3 Be3 44. Rf7 Kh6 45. Nxf4 Rg1+ 46. Ke2
Bxf4 47. Rxf4 Rg2+ 48. Ke3 Ra2 49. Rf5 Rxa5 50. f4 g6 51. Rf6 Bd7 52. Bb3 Ra3
53. Bc4 a5 54. Rf7 Bf5 55. Rc7 h4 56. Rxc5 Ra1 57. Bd5 a4 58. Ra5 a3 59. Ra7 h3
60. Kd4 g5 61. fxg5+ Kxg5 62. Ke3 Kf6 63. Ra5 Re1+ 64. Kd2 Rf1 65. Ke2 Ra1 66.
Ke3 Re1+ 67. Kd2 Rb1 68. Rxa3 Rb2+ 69. Ke3 Rxh2 70. Ra8 Rb2 71. Rh8 Kg7 72. Rh4
Kg6 73. Be4 Kg5 74. Rh8 Bg4 75. Bf3 Be6 76. Rh5+ Kg6 77. Rh8 Kg5 78. Rh5+ Kg6
79. Rh8 Kg5 1/2-1/2

[Event "Women's World Teams 2015"]
[Site "Chengdu CHN"]
[Date "2015.04.20"]
[Round "2.5"]
[Board "4"]
[White "Gaponenko, Inna"]
[Black "Davletbayeva, Madina"]
[Result "1-0"]
[WhiteTitle "IM"]
[BlackTitle "WIM"]
[WhiteElo "2384"]
[BlackElo "2231"]
[WhiteTeam "UKRAINE"]
[BlackTeam "KAZAKHSTAN"]
[WhiteFideId "14101181"]
[BlackFideId "13703595"]
[EventDate "2015.04.19"]

1. e4 c6 2. d4 d5 3. Nc3 dxe4 4. Nxe4 Bf5 5. Ng3 Bg6 6. Nh3 Nf6 7. Bc4 e6 8. O-O
Bd6 9. f4 Qc7 10. Kh1 O-O 11. Qe2 Nbd7 12. Ng5 h6 13. N5e4 Nxe4 14. Nxe4 Nb6 15.
Bb3 Rad8 16. c3 Nd5 17. Qf3 b5 18. Bd2 a6 19. Rae1 Be7 20. Bc1 c5 21. dxc5 Bxc5
22. Nxc5 Qxc5 23. g4 a5 24. f5 Bh7 25. Qg2 Kh8 26. Bxd5 Rxd5 27. Be3 Qd6 28. f6
g5 29. Qh3 Qc6 30. Kg1 Qc4 31. Bd4 e5 32. Qxh6 Rg8 33. Rf3 Rxd4 34. cxd4 Qxd4+
35. Kf1 Qxg4 36. Rh3 Qf5+ 37. Kg1 e4 38. Rf1 Qg6 39. Qxg6 Rxg6 40. Rf5 Rg8 41.
Rxb5 a4 42. Kf2 1-0

[Event "Women's World Teams 2015"]
[Site "Chengdu CHN"]
[Date "2015.04.21"]
[Round "3.1"]
[Board "2"]
[White "Harika, Dronavalli"]
[Black "Muzychuk, Mariya"]
[Result "1/2-1/2"]
[WhiteTitle "GM"]
[BlackTitle "IM"]
[WhiteElo "2492"]
[BlackElo "2526"]
[WhiteTeam "INDIA"]
[BlackTeam "UKRAINE"]
[WhiteFideId "5015197"]
[BlackFideId "14114550"]
[EventDate "2015.04.19"]

1. Nf3 c5 2. c4 Nc6 3. Nc3 g6 4. e3 Nf6 5. d4 cxd4 6. exd4 d5 7. cxd5 Nxd5 8.
Qb3 e6 9. Bc4 Na5 10. Bb5+ Bd7 11. Qa4 a6 12. Bxd7+ Qxd7 13. Qxd7+ Kxd7 14. Ne5+
Ke7 15. Bd2 Nc6 16. Nxd5+ exd5 17. Nxc6+ bxc6 18. Ke2 Kd7 19. Kd3 Bd6 20. Rac1
Rhb8 21. Rc2 a5 22. Rhc1 Ra6 23. Re1 h5 24. h3 a4 25. Bc3 Re8 26. Rxe8 Kxe8 27.
Re2+ Kd7 28. Bd2 Ra8 29. Bg5 f5 30. g3 Rb8 31. h4 Rb4 1/2-1/2

[Event "Women's World Teams 2015"]
[Site "Chengdu CHN"]
[Date "2015.04.21"]
[Round "3.1"]
[Board "3"]
[White "Ushenina, Anna"]
[Black "Padmini, Rout"]
[Result "0-1"]
[WhiteTitle "GM"]
[BlackTitle "WGM"]
[WhiteElo "2486"]
[BlackElo "2454"]
[WhiteTeam "UKRAINE"]
[BlackTeam "INDIA"]
[WhiteFideId "14110911"]
[BlackFideId "5029295"]
[EventDate "2015.04.19"]

1. Nf3 Nf6 2. c4 g6 3. Nc3 d5 4. cxd5 Nxd5 5. Qb3 Nb6 6. d4 Bg7 7. Bf4 O-O 8. e3
c6 9. Rd1 Be6 10. Qa3 N8d7 11. Ng5 Bc4 12. Bxc4 Nxc4 13. Qb3 Na5 14. Qc2 Qc8 15.
Nge4 b6 16. O-O h6 17. Bg3 f5 18. b4 Nb7 19. Nd2 e5 20. Ne2 Kh7 21. dxe5 Nxe5
22. Nc4 Nxc4 23. Qxc4 c5 24. Nf4 cxb4 25. Qxb4 Nc5 26. Rd6 Rf6 27. Rxf6 Bxf6 28.
Nd5 Bg7 29. Nc7 Rb8 30. Nb5 Ra8 31. Rd1 Qg8 32. Qd2 Ne4 33. Qd7 Nc5 34. Qe7 Qe8
35. Qxe8 Rxe8 36. Nxa7 Ra8 37. Nb5 Rxa2 38. Rb1 Ne4 39. Nd4 Bxd4 40. exd4 f4 41.
f3 Nc3 42. Rxb6 Ne2+ 43. Kf1 fxg3 44. hxg3 Nxg3+ 45. Ke1 Rxg2 46. Rb7+ Kg8 47.
d5 Re2+ 48. Kd1 Re5 49. Rd7 Nf5 50. Kd2 Re7 51. Rd8+ Kf7 52. d6 Re6 0-1

[Event "Women's World Teams 2015"]
[Site "Chengdu CHN"]
[Date "2015.04.21"]
[Round "3.1"]
[Board "4"]
[White "Soumya, Swaminathan"]
[Black "Zhukova, Natalia"]
[Result "0-1"]
[WhiteTitle "WGM"]
[BlackTitle "GM"]
[WhiteElo "2366"]
[BlackElo "2471"]
[WhiteTeam "INDIA"]
[BlackTeam "UKRAINE"]
[WhiteFideId "5016193"]
[BlackFideId "14101513"]
[EventDate "2015.04.19"]

1. e4 e5 2. Nf3 Nc6 3. Bb5 a6 4. Ba4 Nf6 5. O-O Be7 6. d3 b5 7. Bb3 d6 8. a4 Bg4
9. c3 O-O 10. h3 Bh5 11. Re1 Na5 12. Bc2 c5 13. Nbd2 Qc7 14. g4 Bg6 15. Nf1 Rad8
16. Bd2 Nc6 17. Qe2 d5 18. Ng3 d4 19. axb5 axb5 20. Nh4 Nd7 21. Nhf5 Nb6 22. Rf1
Ra8 23. Rab1 f6 24. f4 exf4 25. Bxf4 Qd7 26. Qf2 Rfd8 27. cxd4 Nxd4 28. Nxd4
cxd4 29. Bb3+ Kh8 30. Nf5 Na4 31. Bd5 Ra6 32. Nxe7 Qxe7 33. Rfc1 Nc5 34. Qc2 Ne6
35. Bg3 h5 36. Qe2 h4 37. Bxe6 hxg3 38. Bf5 Bf7 39. e5 fxe5 40. Qf3 Qh4 41. Kg2
Bd5 42. Be4 Bxe4 43. dxe4 d3 44. Rc3 d2 45. Rd1 Ra4 46. Rd3 Rxd3 47. Qxd3 Rd4
48. Qxb5 Qg5 49. Qe2 Qf4 50. Qf3 Rxe4 51. Qxf4 exf4 52. Rxd2 g5 53. b3 Kg7 54.
Rb2 Rb4 55. Kf3 Kf6 56. Rb1 Ke5 57. Re1+ Kd5 58. Rd1+ Kc5 59. Rd3 Rb8 60. Kg2
Ra8 61. Rd2 Kb4 62. h4 Kc3 63. Re2 gxh4 64. b4 Rf8 65. Kf3 Kxb4 66. Re5 h3 67.
Rh5 h2 68. g5 Kc3 69. Rh3 Kd2 70. g6 Ke1 71. Rh4 Kf1 0-1

[Event "Women's World Teams 2015"]
[Site "Chengdu CHN"]
[Date "2015.04.21"]
[Round "3.2"]
[Board "1"]
[White "Abrahamyan, Tatev"]
[Black "Abdumalik, Zhansaya"]
[Result "1-0"]
[WhiteTitle "WGM"]
[BlackTitle "WGM"]
[WhiteElo "2322"]
[BlackElo "2379"]
[WhiteTeam "UNITED STATES OF AMERICA"]
[BlackTeam "KAZAKHSTAN"]
[WhiteFideId "13301918"]
[BlackFideId "13703544"]
[EventDate "2015.04.19"]

1. e4 e5 2. Nf3 Nc6 3. Bb5 Nf6 4. d3 Bc5 5. c3 d6 6. O-O O-O 7. Nbd2 Ne7 8. d4
exd4 9. cxd4 Bb6 10. h3 c6 11. Bd3 Ng6 12. Re1 Nh5 13. Nc4 Bc7 14. Ne3 Nhf4 15.
Bc2 d5 16. e5 f6 17. Ng4 fxe5 18. Ngxe5 Qf6 19. Re3 Be6 20. Bd2 a5 21. Qf1 Ne7
22. Ng4 Bxg4 23. hxg4 Nfg6 24. Rae1 Qd6 25. Re6 Qd7 26. Qd3 Rae8 27. Ng5 Rf6 28.
Qh3 h6 29. Rxf6 hxg5 30. Rfe6 Nf8 31. R6e2 Bf4 32. Bxf4 gxf4 33. Re5 Qd6 34. Qh5
g6 35. Qg5 Kf7 36. Qxf4+ Kg8 37. Qe3 Kf7 38. f4 Qf6 39. g5 Qd6 40. f5 gxf5 41.
Bxf5 b6 42. g6+ Kf6 43. Bd3 1-0